000 00642nam a2200157 a 4500
001 000029538
005 20200930055624.0
008 110418s1982 dr 000 0 spa d
040 _aDO-SdBNP
_bspa
_cBNPHU
100 1 _aRodríguez, Leovigildo
_956383
245 1 3 _aEl papel de la educación formal en la reducción del analfabetismo en la República Dominicana /
_cLeovigildo Rodríguez.
260 _aSantiago de los Caballeros, República Dominicana :
_bCentro de Documentación e Investigación Educativa
_bUCMM,
_c1982.
300 _a16 p. ;
_c22 cm.
500 _aIncluye datos biográficos del autor en la contracubierta
049 _aBNPD
999 _c29030
_d29030